Städte Baden-Württembergs - Bilderquiz - Statistiken

Allgemein
  • Dieses Quiz wurde 99 mal gespielt
  • Das Durchschnittsergebnis liegt bei 10 aus 20
Antwortstatistiken
Bildquiz Antwort % Korrekt
Heidelberg
93%
Karlsruhe
93%
Ulm
92%
Stuttgart
88%
Friedrichshafen
84%
Freiburg
73%
Tübingen
66%
Konstanz
60%
Ludwigsburg
52%
Mannheim
52%
Baden-Baden
44%
Esslingen
44%
Pforzheim
36%
Ravensburg
29%
Reutlingen
28%
Heilbronn
26%
Rastatt
25%
Heidenheim
21%
Schwäbisch Hall
21%
Offenburg
20%
Keine übereinstimmenden Quizze gefunden
Verteilung der Resultate
Anzahl Personen mit jedem Resultat
Perzentil nach korrekt beantworteten Fragen
Ihre Resultats-Entwicklung
Sie haben dieses Quiz noch nicht gespielt